| 000 | 00708nam a22002297a 4500 | ||
|---|---|---|---|
| 003 | OSt | ||
| 005 | 20240703124107.0 | ||
| 008 | 240703b |||||||| |||| 00| 0 eng d | ||
| 020 | _a 0039229688 | ||
| 040 | _cMUST | ||
| 082 | _a330 BAU 1994- | ||
| 100 |
_aBaumol, William J _915362 |
||
| 245 |
_aEconomics : _bprinciples and policy / _cWilliam J. Baumol, Alan S. Blinder, William M. Scarth |
||
| 250 | _a4th.ed | ||
| 260 |
_aToronto _bHarcourt Brace &Company _c1994 |
||
| 300 |
_axl, 1059p.: _bcol.ill ; _c32 cm. |
||
| 504 | _aIncludes bibliographical references and index | ||
| 650 |
_aEconomics _9975 |
||
| 700 |
_aBlinder, Alan S. _918411 |
||
| 700 |
_aScarth, William M. _918412 |
||
| 942 |
_2ddc _cO_SHELF |
||
| 999 |
_c9050 _d9050 |
||